Bilder nach Buchstabe Ä - Statistiken

Allgemein
  • Dieses Quiz wurde 389 mal gespielt
  • Das Durchschnittsergebnis liegt bei 10 aus 12
Antwortstatistiken
Bildquiz Antwort % Korrekt
Ägypten
97%
Äquator
96%
Ärztin
93%
Ärger
92%
Ärmel
91%
ätzend
91%
Äthiopien
90%
Ätna
81%
Ähre
79%
älter
78%
ähnlich
77%
Ärmelkanal
76%
Keine übereinstimmenden Quizze gefunden
Verteilung der Resultate
Anzahl Personen mit jedem Resultat
Perzentil nach korrekt beantworteten Fragen
Ihre Resultats-Entwicklung
Sie haben dieses Quiz noch nicht gespielt